One among many: the civil war in comparative perspective

Gespeichert in:
Bibliographische Detailangaben
1. Verfasser: Degler, Carl N (VerfasserIn)
Format: Buch
Sprache:Englisch
Veröffentlicht: Gettysburg Gettysburg College 1990
Schriftenreihe:Fortenbaugh Memorial Lecture Gettysburg College
Schlagworte:
Tags: Tag hinzufügen
Keine Tags, Fügen Sie den ersten Tag hinzu!

MARC

LEADER 00000nam a2200000 a 4500
001 UCH1435
003 CL-VaPUC
008 090427e19900000us |||||||||||||||||eng|d
082 0 4 |a 973.7  |b DEG  |2 21 
100 0 |a Degler, Carl N  |e author  |9 535921 
245 1 0 |a One among many: the civil war in comparative perspective 
300 |a 32 p 
942 |c BK 
945 |d 20090427 00:00:00  |a rbrito 
260 |a Gettysburg  |b Gettysburg College  |c 1990 
650 0 |a Historia de Estados Unidos  |9 354186 
650 0 |a Guerra civil  |9 320243 
651 0 |a Estados Unidos  |9 255178 
583 |a last modification  |c 20171218 11:53:05  |k Rodrigo Vera 
490 0 |a Fortenbaugh Memorial Lecture Gettysburg College 
999 |c 333474  |d 333472 
952 |0 0  |1 0  |4 0  |6 973_700000000000000_DEG_1990  |7 0  |8 A  |9 421909  |a BIBHIS  |b BIBHIS  |d 2019-11-22  |i 4539591  |o 973.7 DEG 1990  |p 4539591  |r 2025-01-20  |w 2019-11-22  |y BK  |k HIS